Hoja Talca, región VII
Salvato in:
| Autore principale: | |
|---|---|
| Natura: | Libro |
| Lingua: | spagnolo |
| Pubblicazione: |
Santiago
Servicio Nacional de Geología y Minería
1995
|
| Serie: | Carta Hidrogeológica de Chile, 2
|
| Soggetti: | |
| Tags: |
Aggiungi Tag
Nessun Tag, puoi essere il primo ad aggiungerne!!
|
MARC
| LEADER | 00000nam a2200000 a 4500 | ||
|---|---|---|---|
| 001 | UCK1441 | ||
| 003 | CL-VaPUC | ||
| 008 | 041112e19950000CL |||||||||||||||||spa|d | ||
| 082 | 0 | 4 | |a 558.3 |b HAU |2 21 |
| 100 | |a Hauser Yung, Arturo |e author |9 489356 | ||
| 245 | 1 | 0 | |a Hoja Talca, región VII |
| 300 | |a 73 p | ||
| 942 | |c BK | ||
| 945 | |d 20041112 00:00:00 |a cmena | ||
| 260 | |a Santiago |b Servicio Nacional de Geología y Minería |c 1995 | ||
| 500 | |a Escala: 1:100.000 | ||
| 500 | |a Incluye 2 mapas | ||
| 650 | 7 | |a MAPAS GEOLOGICOS |2 CL-VaPUC |9 362393 | |
| 650 | 0 | |a Recursos naturales |9 255232 | |
| 650 | 7 | |a RECURSOS MINERALES |2 CL-VaPUC |9 351120 | |
| 650 | 0 | |a Recursos hídricos |9 346690 | |
| 651 | 7 | |a REGION 078 |2 CL-VaPUC |9 489284 | |
| 651 | 0 | |a Talca |9 265150 | |
| 583 | |a last modification |c 20041112 00:00:00 |k Rodrigo Vera | ||
| 490 | 0 | |a Carta Hidrogeológica de Chile, 2 | |
| 999 | |c 311410 |d 311408 | ||
| 952 | |0 0 |1 0 |4 0 |6 558_300000000000000_HAU_1995 |7 0 |8 F |9 380793 |a BIBING |b BIBING |d 2019-11-21 |i 4040813 |o 558.3 HAU 1995 |p 4040813 |r 2025-01-20 |w 2019-11-21 |y BK_F |k GEO | ||